Biggest cities of the UK-sudden death - Statistics

General Stats
  • This quiz has been taken 101 times
  • The average score is 5 of 10
Answers on the Grid
Answers color-coded by a green-red scale on the quiz's grid according to % correct below.
London
Sheffield
Nottingham
Coventry
Manchester
Hull
Leicester
Wolverhampton
Birmingham
Glasgow
Stoke
Liverpool
Belfast
Aberdeen
Leeds
Southampton
Bradford
Bristol
Newcastle
Edinburgh
Derby
Portsmouth
Brighton
Plymouth
Northampton
Reading
Luton
Bolton
Bournemouth
Norwich
 
Answer Stats
Answer % Correct
London
71%
Manchester
71%
Birmingham
64%
Edinburgh
57%
Glasgow
57%
Liverpool
57%
Leeds
50%
Bristol
43%
Sheffield
21%
Leicester
7%
No matching quizzes found
Score Distribution
Percent of People with Each Score
Percentile by Number Answered
Your Score History
You have not taken this quiz